| Tag |
First Indicator |
Second Indicator |
Subfields |
| LEADER |
00000cam a2200000 a 4500 |
| 001 |
in00000003456 |
| 007 |
he bmb024bbca |
| 008 |
990519s1998 dcu bb f000 0 eng c |
| 005 |
20230309222512.2 |
| 035 |
|
|
|a (OCoLC)ocm41394827
|
| 035 |
|
|
|9 AJF9243AM
|
| 035 |
|
|
|a in00000003456
|
| 037 |
|
|
|a 160671
|b GAO (202) 512-6000 (Voice); (202) 512-6061 (Fax); (202) 512-2537 (TDD)
|f paper copy
|
| 040 |
|
|
|a GPO
|c GPO
|d DLC
|d MvI
|d UtOrBLW
|
| 042 |
|
|
|a pcc
|
| 043 |
|
|
|a n-us---
|
| 049 |
|
|
|a UMIC
|
| 049 |
|
|
|a WWW
|
| 074 |
|
|
|a 0546-D-01 (MF)
|
| 074 |
|
|
|a 0546-D-01 (online)
|
| 086 |
0 |
|
|a GA 1.5/2:T-AIMD-98-215
|
| 100 |
1 |
|
|a Dodaro, Gene L.
|
| 245 |
1 |
0 |
|a Financial management :
|b fostering the effective implementation of legislative goals : statement of Gene L. Dodaro, Assistant Comptroller General, Accounting and Information Management Division, before the Subcommittee on Government Management, Information and Technology, Committee on Government Reform and Oversight, House of Representatives /
|c United States General Accounting Office.
|
| 246 |
3 |
0 |
|a Fostering the effective implementation of legislative goals
|
| 264 |
|
1 |
|a Washington, D.C. (P.O. Box 37050, Washington 20013) :
|b The Office,
|c [1998]
|
| 300 |
|
|
|a 12 pages ;
|c 28 cm.
|
| 336 |
|
|
|a text
|b txt
|2 rdacontent
|
| 337 |
|
|
|a microform
|b h
|2 rdamedia
|
| 338 |
|
|
|a microfiche
|b he
|2 rdacarrier
|
| 490 |
1 |
|
|a Testimony ;
|v GAO/T-AIMD-98-215
|
| 500 |
|
|
|a Cover title.
|
| 500 |
|
|
|a Shipping list number: 99-0336-M.
|
| 500 |
|
|
|a "June 18, 1998."
|
| 500 |
|
|
|a Shipping list number: 99-0336-P.
|
| 504 |
|
|
|a Includes bibliographical references.
|
| 533 |
|
|
|a Microfiche.
|b [Washington, D.C.] :
|c U.S. General Accounting Office,
|d [1999?]
|e 1 microfiche : negative.
|
| 530 |
|
|
|a Also available via Internet from the GPO Access web site. Address as of 2/19/02: http://frwebgate.access.gpo.gov/cgi-bin/getdoc.cgi?dbname=gao&docid=f:ai98215t.pdf; current access is available via PURL.
|
| 500 |
|
|
|a Microform.
|
| 650 |
|
0 |
|a Administrative agencies
|z United States
|x Accounting.
|
| 650 |
|
0 |
|a Administrative agencies
|z United States
|x Auditing.
|
| 650 |
|
0 |
|a Year 2000 date conversion (Computer systems)
|z United States.
|
| 650 |
|
0 |
|a Legislative oversight
|z United States.
|
| 710 |
1 |
|
|a United States.
|b General Accounting Office.
|
| 830 |
|
0 |
|a Testimony ;
|v GAO/T-AIMD-98-215.
|
| 856 |
4 |
1 |
|u https://purl.fdlp.gov/GPO/LPS17657
|z Adobe Acrobat Reader required
|t 0
|
| 999 |
|
|
|a MARS
|
| 999 |
f |
f |
|i 8b068b3c-c5bb-39b9-87bd-e999d71e91ac
|s 116bd299-7a0f-34f5-9489-126a19183321
|t 0
|
| 952 |
f |
f |
|p normal
|a Texas A&M University
|b College Station
|c Sterling C. Evans Library
|d Evans: US Documents Microfiche (3rd floor)
|t 0
|e GA 1.5/2:T-AIMD-98-215
|h Superintendent of Documents classification
|i microform -- microfiche
|m A14824485287
|
| 952 |
f |
f |
|a Texas A&M University
|b College Station
|c Electronic Resources
|d Available Online
|t 0
|e GA 1.5/2:T-AIMD-98-215
|h Superintendent of Documents classification
|
| 998 |
f |
f |
|a GA 1.5/2:T-AIMD-98-215
|t 0
|l Evans: US Documents Microfiche (3rd floor)
|
| 998 |
f |
f |
|a GA 1.5/2:T-AIMD-98-215
|t 0
|l Available Online
|